000 00290nam a2200121Ia 4500
008 190216s9999||||xx |||||||||||||| ||und||
100 _aMishra R S
245 0 _aEconomics Of Development
260 _bSomaiya Publications Pvt Ltd
_c1973
300 _a316p
650 _aCommerce
942 _cBK
999 _c4405
_d4405